History Quiz

Random History or Physics Quiz
Score 0/16 Timer 03:00
0 Plays Today
% Correct
United States
97.7%
Russia
95.4%
Japan
93%
China
91.4%
India
83%
France (Polynesia)
67%
North Korea
66.4%
Pakistan
66.3%
% Correct
Australia
62.6%
Kazakhstan
60%
Kiribati
42.4%
Marshall Islands
33%
Algeria
25.6%
Ukraine
24.7%
Uzbekistan
20.4%
Turkmenistan
18.8%
Remove Ads.
Support Sporcle.
Get the best of Sporcle when you Go Orange. This ad-free experience offers more features, more stats, and more fun while also helping to support Sporcle. Thank you for becoming a member.

You're not logged in!

Compare scores with friends on all Sporcle quizzes.
OR
Log In

Show Comments

Extras

Top Quizzes Today


Score Distribution

Your Account Isn't Verified!

In order to create a playlist on Sporcle, you need to verify the email address you used during registration. Go to your Sporcle Settings to finish the process.

Report this User

Report this user for behavior that violates our Community Guidelines.

Details: